000 00834nam a22002177a 4500
003 UA-OsUOA
001 80517
007 ta
008 20111213b un ||||| |||| 00| 0 ukr d
100 _aТур О.М.
090 _a651
_bТ86
942 _cSA
040 _aUA-OsUOA
_bukr
_cUA-OsUOA
_dUA-OsUOA
245 _aОгляд міжнародних нормативних актів (стандартів) у сфері інформації та документації
300 _aС.6-10
955 _a0
041 _aukr
080 _a651
773 0 _w80515
_tБібліотекознавство. Документознавство. Інформологія
_d2011
_d3
650 7 _a651 Конторська (канцелярська) справа. Офіс-менеджмент. Діловодство. Оргтехніка
_2UDC
999 _c366827
_d366827